000
00251 a2200097 4500
000
nam a22 7a 4500
005
20260302143126.0
100
_a
Sanyal, Sanjeev
_9
1114719
245
_a
The Incredible History of India’s Geography
942
_c
TEXL
999
_c
1688395
_d
1688395